[Event "20th Dubai Open 2018"]
[Site "Dubai UAE"]
[Date "2018.04.08"]
[Round "7.19"]
[White "Rajdeep, Sarkar"]
[Black "Ghaem Maghami, Ehsan"]
[Result "0-1"]
[WhiteTitle "FM"]
[BlackTitle "GM"]
[WhiteElo "2393"]
[BlackElo "2523"]
[WhiteFideId "25007963"]
[BlackFideId "12500739"]
[EventDate "2018.04.02"]

1. d4 Nf6 2. Nf3 e6 3. c4 c5 4. d5 d6 5. Nc3 exd5 6. cxd5 g6 7. g3 Bg7 8. Bg2
O-O 9. O-O Re8 10. Nd2 a6 11. a4 Nbd7 12. a5 b5 13. axb6 Nxb6 14. h3 a5 15. Re1
a4 16. Ra3 Ba6 17. e4 Nfd7 18. Nxa4 Ne5 19. Nxb6 Qxb6 20. Bf1 Bxf1 21. Rxa8 Rxa8
22. Rxf1 Qb5 23. b3 Ra1 24. Kg2 h5 25. Nf3 Nxf3 26. Qxf3 Bh6 27. Qf6 Rxc1 28.
Qd8+ Kg7 29. Rxc1 Bxc1 30. Qxd6 Bb2 31. e5 Qe2 32. Qf6+ Kg8 33. Qd8+ Kg7 34.
Qf6+ Kg8 35. Qd8+ Kh7 36. d6 Qe4+ 37. Kg1 Qe1+ 38. Kg2 Qe4+ 39. Kg1 Qxe5 40. d7
Qe1+ 41. Kg2 Bd4 42. Kf3 Qxf2+ 0-1

[Event "20th Dubai Open 2018"]
[Site "Dubai UAE"]
[Date "2018.04.08"]
[Round "7.20"]
[White "Saravana, Krishnan P."]
[Black "Debashis, Das"]
[Result "1/2-1/2"]
[BlackTitle "GM"]
[WhiteElo "2312"]
[BlackElo "2518"]
[WhiteFideId "5018382"]
[BlackFideId "5024854"]
[EventDate "2018.04.02"]

1. e4 c5 2. Nf3 d6 3. c3 Nf6 4. Be2 g6 5. O-O Bg7 6. Bb5+ Nc6 7. Re1 O-O 8. h3
Qb6 9. Bf1 e5 10. Na3 d5 11. d3 Rd8 12. Qc2 h6 13. Be3 Be6 14. Qc1 Kh7 15. exd5
Bxd5 16. Nd2 a5 17. Ndc4 Bxc4 18. Nxc4 Qa7 19. a4 Nd5 20. Bd2 Nb6 21. Na3 Nc8
22. Nb5 Qb8 23. g3 Nd6 24. Bg2 c4 25. dxc4 Nxc4 26. Be3 Rd7 27. Qc2 Nxe3 28.
Rxe3 Qd8 29. Qb3 f5 30. Ree1 Qe7 31. Rad1 Rad8 32. Rxd7 Qxd7 33. Bf3 Qd3 34. Kg2
e4 35. Be2 Qd5 36. Qxd5 Rxd5 37. Rd1 Rxd1 38. Bxd1 Bf8 39. f3 exf3+ 40. Bxf3 Nd8
41. Bd5 Kg7 42. Kf3 Kf6 43. Ke2 Ke5 44. Bg2 Bc5 45. Nc7 g5 1/2-1/2

[Event "20th Dubai Open 2018"]
[Site "Dubai UAE"]
[Date "2018.04.08"]
[Round "7.21"]
[White "Dhulipalla, Bala Chandra Prasad"]
[Black "Gagare, Shardul"]
[Result "1/2-1/2"]
[WhiteTitle "IM"]
[BlackTitle "GM"]
[WhiteElo "2294"]
[BlackElo "2502"]
[WhiteFideId "25005812"]
[BlackFideId "5037883"]
[EventDate "2018.04.02"]

1. d4 Nf6 2. c4 e6 3. g3 d5 4. Nf3 Bb4+ 5. Bd2 Be7 6. Bg2 O-O 7. O-O c6 8. Qc2
b6 9. Bf4 Ba6 10. cxd5 cxd5 11. Rc1 Nbd7 12. Nc3 Nh5 13. Qa4 Nxf4 14. Qxa6 Nxg2
15. Kxg2 Qc8 16. Qxc8 Rfxc8 17. Nb5 Bf8 18. Nc7 Rab8 19. Na6 Ra8 20. Nc7 Rab8
21. Na6 Ra8 22. Nc7 1/2-1/2

[Event "20th Dubai Open 2018"]
[Site "Dubai UAE"]
[Date "2018.04.08"]
[Round "7.22"]
[White "Priyanka, Nutakki"]
[Black "Deepan, Chakkravarthy J."]
[Result "0-1"]
[BlackTitle "GM"]
[WhiteElo "1957"]
[BlackElo "2499"]
[WhiteFideId "25049615"]
[BlackFideId "5011132"]
[EventDate "2018.04.02"]

1. e4 c5 2. Nf3 e6 3. d4 cxd4 4. Nxd4 Nc6 5. Nb5 d6 6. c4 a6 7. Nd4 Nf6 8. Nc3
Be7 9. Be2 Qb6 10. Nb3 O-O 11. Be3 Qc7 12. O-O Ne5 13. Rc1 b6 14. f4 Ned7 15.
Bf3 Bb7 16. Nd4 Rfe8 17. b3 Bf8 18. Qc2 Rac8 19. Nde2 b5 20. cxb5 axb5 21. Qb1
b4 22. Na4 Qa5 23. g4 Rxc1 24. Rxc1 e5 25. f5 d5 26. g5 dxe4 27. Bg2 Ng4 28.
Bxe4 Nxe3 29. Bxb7 Qa7 30. Bf3 e4 31. Bh5 g6 0-1

[Event "20th Dubai Open 2018"]
[Site "Dubai UAE"]
[Date "2018.04.08"]
[Round "7.23"]
[White "Volkov, Sergey"]
[Black "Zhu, Yilun"]
[Result "1-0"]
[WhiteTitle "GM"]
[WhiteElo "2598"]
[BlackElo "2195"]
[WhiteFideId "4122763"]
[BlackFideId "8609292"]
[EventDate "2018.04.02"]

1. d4 Nf6 2. c4 e6 3. Nf3 d5 4. Nc3 c5 5. e3 Nc6 6. a3 a6 7. cxd5 exd5 8. Be2
Bd6 9. dxc5 Bxc5 10. b4 Ba7 11. b5 axb5 12. Nxb5 Bb8 13. Bb2 O-O 14. O-O Be6 15.
Qd3 Ne4 16. Rfd1 Qe7 17. Rac1 Rd8 18. Qb1 Na5 19. Bd4 Nc6 20. Ba1 Ra5 21. Qb2 f6
22. Nbd4 Nxd4 23. Nxd4 Bf7 24. g3 Be5 25. Qb6 Raa8 26. a4 Qd7 27. a5 h5 28. a6
bxa6 29. Nc6 Re8 30. Nxe5 fxe5 31. Rc7 Qf5 32. f4 d4 33. Qb7 exf4 34. Bxd4 fxg3
35. Rxf7 gxh2+ 36. Kxh2 Qxf7 37. Bc4 1-0

[Event "20th Dubai Open 2018"]
[Site "Dubai UAE"]
[Date "2018.04.08"]
[Round "7.24"]
[White "Sekar, B"]
[Black "Pantsulaia, Levan"]
[Result "1-0"]
[BlackTitle "GM"]
[WhiteElo "2298"]
[BlackElo "2592"]
[WhiteFideId "5043743"]
[BlackFideId "13602071"]
[EventDate "2018.04.02"]

1. e4 c5 2. Nf3 e6 3. d4 cxd4 4. Nxd4 a6 5. Bd3 Bc5 6. Nb3 Ba7 7. Qe2 Nc6 8. Be3
d6 9. O-O e5 10. c4 Nf6 11. Bxa7 Rxa7 12. Nc3 Be6 13. Qe3 O-O 14. Rfd1 b6 15.
Be2 Qb8 16. Rac1 Rd8 17. h3 h6 18. Rd2 Nd7 19. Nd5 Nc5 20. Na1 Nd4 21. b4 Nd7
22. Nb3 Nxe2+ 23. Qxe2 Kf8 24. c5 bxc5 25. bxc5 Nxc5 26. Nxc5 dxc5 27. Qe3 Rc8
28. Rxc5 Rb7 29. Rxc8+ Qxc8 30. Qa3+ Kg8 31. Kh2 Qc4 32. Nf6+ gxf6 33. Rd8+ Kh7
34. Qg3 h5 35. Qg8+ Kh6 36. Qh8+ Kg5 37. Rg8+ Kf4 38. Qxf6+ Kxe4 39. Qf3+ Kd4
40. Qxb7 Kc3 41. Qb1 Qxa2 42. Qc1+ Kd4 43. Rd8+ Ke4 44. Qe3+ Kf5 45. Rg8 Bc4 46.
Rg5+ Ke6 47. Qxe5+ Kd7 48. Qd4+ Ke7 49. Qc5+ Kd7 50. Qa7+ Ke6 51. Qb6+ Ke7 52.
Qc7+ Ke6 53. Re5+ 1-0

[Event "20th Dubai Open 2018"]
[Site "Dubai UAE"]
[Date "2018.04.08"]
[Round "7.25"]
[White "Kiriakov, Petr"]
[Black "Tissir, Mohamed"]
[Result "1-0"]
[WhiteTitle "GM"]
[BlackTitle "IM"]
[WhiteElo "2520"]
[BlackElo "2381"]
[WhiteFideId "4119231"]
[BlackFideId "9000240"]
[EventDate "2018.04.02"]

1. d4 Nf6 2. c4 g6 3. Nc3 Bg7 4. e4 d6 5. Nf3 O-O 6. Be2 e5 7. O-O Nc6 8. d5 Ne7
9. Ne1 Nd7 10. Be3 f5 11. f3 f4 12. Bf2 g5 13. a4 a5 14. Nd3 b6 15. b4 axb4 16.
Nxb4 Nf6 17. Nc6 Nxc6 18. dxc6 Qe8 19. Nd5 Nxd5 20. cxd5 Rf6 21. a5 bxa5 22. Qd2
Qh5 23. Kh1 g4 24. Bg1 g3 25. Rfb1 gxh2 26. Bf2 Rg6 27. Bf1 Qg5 28. Rb7 Bh3 29.
Be1 Rc8 30. Rxa5 Bf6 31. Raa7 Bd8 32. Rb2 Kh8 33. Qf2 Bf6 34. Rba2 Qh5 35. Ra8
Rgg8 36. Rxc8 Bxc8 37. Ra7 Bd8 38. Ba5 Qf7 39. Ra8 Bf6 40. Qa7 Qh5 41. Qxc7 Qh4
42. Qxd6 Bg7 43. Qc5 Bf8 44. d6 1-0

[Event "20th Dubai Open 2018"]
[Site "Dubai UAE"]
[Date "2018.04.08"]
[Round "7.26"]
[White "Sadhwani, Raunak"]
[Black "Karthikeyan, P."]
[Result "0-1"]
[WhiteTitle "FM"]
[BlackTitle "IM"]
[WhiteElo "2358"]
[BlackElo "2481"]
[WhiteFideId "35093487"]
[BlackFideId "5018226"]
[EventDate "2018.04.02"]

1. e4 c5 2. Nf3 d6 3. d4 cxd4 4. Nxd4 Nf6 5. Nc3 a6 6. h3 e6 7. g4 h6 8. Bg2 g5
9. Be3 Nbd7 10. Qd2 Ne5 11. b3 Nfd7 12. f4 gxf4 13. Bxf4 Qh4+ 14. Kf1 b6 15. Kg1
Bb7 16. Nce2 Ng6 17. Rf1 Nxf4 18. Nxf4 Qg5 19. e5 Bxg2 20. Qxg2 d5 21. Qf2 Bc5
22. Nd3 Nxe5 23. Nxe5 Qxe5 24. Qxf7+ Kd8 25. c3 0-1

[Event "20th Dubai Open 2018"]
[Site "Dubai UAE"]
[Date "2018.04.08"]
[Round "7.27"]
[White "Iniyan, P"]
[Black "Risting, Eivind Olav"]
[Result "1-0"]
[WhiteTitle "IM"]
[BlackTitle "FM"]
[WhiteElo "2466"]
[BlackElo "2303"]
[WhiteFideId "25002767"]
[BlackFideId "1517333"]
[EventDate "2018.04.02"]

1. d4 Nf6 2. c4 e6 3. Nc3 Bb4 4. e3 b6 5. a3 Bxc3+ 6. bxc3 O-O 7. Bd3 c5 8. e4
Nc6 9. e5 Ne8 10. Nf3 f5 11. exf6 Nxf6 12. O-O Qe8 13. Bf4 Qh5 14. Bd6 Re8 15.
Re1 Bb7 16. dxc5 bxc5 17. Rb1 Nd8 18. Ne5 Qxd1 19. Rexd1 Rc8 20. Rb5 Ba8 21. f3
Nb7 22. Bc2 Nxd6 23. Rxd6 Rc7 24. Ba4 Kf8 25. Rb2 Ke7 26. Rbd2 Rd8 27. Kf2 Nd5
28. cxd5 exd5 29. Ra6 d6 30. Nc6+ 1-0

[Event "20th Dubai Open 2018"]
[Site "Dubai UAE"]
[Date "2018.04.08"]
[Round "7.28"]
[White "Laxman, R.R."]
[Black "Kurbanov, Djakhongir"]
[Result "1-0"]
[WhiteTitle "GM"]
[WhiteElo "2441"]
[BlackElo "2078"]
[WhiteFideId "5005361"]
[BlackFideId "14201496"]
[EventDate "2018.04.02"]

1. d4 d5 2. c4 c6 3. Nf3 Nf6 4. e3 Bf5 5. Nc3 e6 6. Nh4 Bg4 7. Qb3 Qb6 8. h3 Bh5
9. g4 Bg6 10. Nxg6 hxg6 11. Bg2 Na6 12. g5 Qxb3 13. axb3 Nd7 14. Ke2 Be7 15. f4
f5 16. Bd2 Kf7 17. cxd5 exd5 18. Nxd5 Nb6 19. Nxe7 Kxe7 20. Bxc6 bxc6 21. Rxa6
Kd7 22. Rha1 Nc8 23. d5 Rxh3 24. dxc6+ Ke7 25. Bb4+ Kf7 26. Bc5 Rh2+ 27. Kd3
Rxb2 28. Kc3 1-0

[Event "20th Dubai Open 2018"]
[Site "Dubai UAE"]
[Date "2018.04.08"]
[Round "7.29"]
[White "Nandhidhaa, PV"]
[Black "Sundararajan, Kidambi"]
[Result "1/2-1/2"]
[WhiteTitle "WIM"]
[BlackTitle "GM"]
[WhiteElo "2272"]
[BlackElo "2436"]
[WhiteFideId "5050847"]
[BlackFideId "5005370"]
[EventDate "2018.04.02"]

1. e4 e5 2. Nf3 Nc6 3. Nc3 Nf6 4. Bb5 Bc5 5. Nxe5 Nxe5 6. d4 a6 7. dxe5 axb5 8.
exf6 Qxf6 9. O-O c6 10. Qd3 O-O 11. Be3 d6 12. Rfe1 Be6 13. a3 Rfe8 14. Rad1 Bc4
15. Qd2 Qg6 16. Bxc5 dxc5 17. Qe3 b6 18. b3 Be6 19. Rd6 Rac8 20. f4 f5 21. e5
Qf7 22. b4 Qa7 23. Ne2 Bd5 24. Nc3 Be6 25. Ne2 Bd5 26. Nc3 Be6 1/2-1/2

[Event "20th Dubai Open 2018"]
[Site "Dubai UAE"]
[Date "2018.04.08"]
[Round "7.30"]
[White "Karthik, Kumar Pradeep"]
[Black "Raghunandan, Kaumandur Srihari"]
[Result "1/2-1/2"]
[WhiteTitle "CM"]
[BlackTitle "IM"]
[WhiteElo "2191"]
[BlackElo "2434"]
[WhiteFideId "35045148"]
[BlackFideId "25004964"]
[EventDate "2018.04.02"]

1. d4 d6 2. c4 e5 3. Nf3 e4 4. Ng5 f5 5. g3 Be7 6. h4 Nf6 7. Bg2 O-O 8. Nc3 c6
9. O-O Na6 10. Nh3 Nc7 11. d5 Qe8 12. Nf4 Qf7 13. f3 cxd5 14. cxd5 exf3 15. Bxf3
g6 16. Be3 Qg7 17. Bd4 g5 18. hxg5 Qxg5 19. Kg2 b6 20. Rh1 Rf7 21. Rh2 Rg7 22.
Kh1 Na6 23. Qd2 Nc5 24. Rg1 Bb7 25. Qe1 Re8 26. Bxc5 bxc5 27. Ne6 Qg6 28. Qc1 h5
29. Nxg7 Kxg7 30. Qf4 Bf8 31. Qh4 Kh6 32. Qf4+ Qg5 33. Rh4 Re5 34. e4 fxe4 35.
Nxe4 Qxf4 36. Rxf4 Nxe4 37. Bxe4 Be7 38. Bg2 Bg5 39. Rf7 Be7 40. Rd1 Ba6 41. Bf1
Bc8 42. Rd2 Bg4 43. Kh2 Bg5 44. Rdf2 Rxd5 45. Rxa7 Be3 46. Rf6+ Kg5 47. Rf8 Rd2+
48. Kh1 Be6 49. Bg2 Rxb2 50. Rg7+ Kh6 51. Re7 Rb1+ 52. Rf1 Rxf1+ 53. Bxf1 Bd5+
54. Bg2 Bg5 55. Rd7 Bxa2 56. Rxd6+ Kg7 57. Bd5 Bb1 58. Rc6 Be3 59. Kg2 Bd4 60.
Kh3 Bf5+ 61. Kh2 Bg4 62. Kg2 Bf5 63. Bf3 Bg6 64. Bd5 1/2-1/2

[Event "20th Dubai Open 2018"]
[Site "Dubai UAE"]
[Date "2018.04.08"]
[Round "7.31"]
[White "Khademalsharieh, Sarasadat"]
[Black "Ranaldi, Lucas"]
[Result "1-0"]
[WhiteTitle "IM"]
[BlackTitle "FM"]
[WhiteElo "2424"]
[BlackElo "2226"]
[WhiteFideId "12512214"]
[BlackFideId "1519484"]
[EventDate "2018.04.02"]

1. d4 Nf6 2. c4 e6 3. Nf3 b6 4. g3 Bb7 5. Bg2 Be7 6. Nc3 Ne4 7. Bd2 f5 8. Qc2
Nxd2 9. Qxd2 Bf6 10. d5 O-O 11. Nd4 Bxd4 12. Qxd4 d6 13. O-O e5 14. Qd2 a5 15.
b3 Nd7 16. a3 Ba6 17. Qc2 h5 18. Nb5 h4 19. b4 Bc8 20. Rab1 g6 21. Rb3 Kg7 22.
Qb2 hxg3 23. hxg3 Kg8 24. f4 Ba6 25. e4 Bxb5 26. cxb5 Qe7 27. Qc2 axb4 28. axb4
Ra7 29. Rc3 fxe4 30. Qxe4 Kg7 31. Rfc1 Nf6 32. Qe2 e4 33. Re3 Re8 34. Re1 Ra4
35. Qb2 Kf7 36. Qd4 Qd7 37. Qc4 Raa8 38. Bxe4 Nxe4 39. Rxe4 Rxe4 40. Qxe4 Ra3
41. Kg2 Ra2+ 42. Re2 Rxe2+ 43. Qxe2 Qf5 44. Qc4 Ke8 45. Kf3 Qh5+ 46. Ke3 Kd8 47.
Qe4 Qg4 48. Qf3 Qf5 49. Qe4 Qg4 50. Kf2 Qh5 51. Kg2 Qg4 52. Qf3 Qd7 53. g4 Qxb5
54. Qe4 Kd7 55. Kg3 Qf1 56. Kh4 Kd8 57. Kg5 Qd1 58. Qe6 Qd3 59. Qg8+ Ke7 60.
Qg7+ Kd8 61. Qf8+ Kd7 62. Qf7+ Kd8 63. f5 Qd2+ 64. Kxg6 Qxb4 65. g5 b5 66. Qe6 1-0

[Event "20th Dubai Open 2018"]
[Site "Dubai UAE"]
[Date "2018.04.08"]
[Round "7.32"]
[White "San Juan, Dennis"]
[Black "Dimakiling, Oliver"]
[Result "0-1"]
[BlackTitle "IM"]
[WhiteElo "2123"]
[BlackElo "2412"]
[WhiteFideId "5207533"]
[BlackFideId "5202248"]
[EventDate "2018.04.02"]

1. d4 Nf6 2. Nf3 b6 3. Bf4 Bb7 4. Nbd2 g6 5. e3 Bg7 6. Bd3 O-O 7. h3 d6 8. O-O
Nbd7 9. c4 e5 10. Bg5 h6 11. Bxf6 Qxf6 12. d5 Qe7 13. e4 a5 14. b3 f5 15. a3 Bc8
16. b4 Nf6 17. Qc2 Nh5 18. Rfe1 Nf4 19. Bf1 g5 20. exf5 Bxf5 21. Qb3 Qf7 22.
Rac1 axb4 23. axb4 Qg6 24. c5 bxc5 25. bxc5 e4 26. Nh2 Bd4 27. g4 Bd7 28. Nxe4
Rae8 29. Qb1 dxc5 30. Nxc5 Qxb1 0-1

[Event "20th Dubai Open 2018"]
[Site "Dubai UAE"]
[Date "2018.04.08"]
[Round "7.33"]
[White "Balasubramaniam, H"]
[Black "Arjun, Kalyan"]
[Result "1/2-1/2"]
[WhiteElo "2060"]
[BlackElo "2397"]
[WhiteFideId "35053248"]
[BlackFideId "35018701"]
[EventDate "2018.04.02"]

1. e4 e5 2. Nf3 Nc6 3. Bb5 a6 4. Ba4 Nf6 5. d3 d6 6. c4 g6 7. Nc3 h6 8. Nd5 Bg7
9. Nb4 Bd7 10. Nxc6 bxc6 11. c5 O-O 12. O-O Qe7 13. Qc2 d5 14. Nd2 Nh5 15. Nb3
Nf4 16. Na5 Qe6 17. f3 g5 18. Bxf4 exf4 19. Nb3 Rab8 20. a3 Qg6 21. Rab1 Be6 22.
Na5 Bd7 23. exd5 Bf5 24. Nxc6 Rbe8 25. Rbd1 Re3 26. Rfe1 Rfe8 27. Rxe3 fxe3 28.
Nb4 Rb8 29. Nc6 Re8 30. Nb4 Rb8 31. Nc6 1/2-1/2

[Event "20th Dubai Open 2018"]
[Site "Dubai UAE"]
[Date "2018.04.08"]
[Round "7.34"]
[White "Nyazi, Nehad"]
[Black "Darini, Pouria"]
[Result "0-1"]
[BlackTitle "GM"]
[WhiteElo "2213"]
[BlackElo "2478"]
[WhiteFideId "10601988"]
[BlackFideId "12502200"]
[EventDate "2018.04.02"]

1. d4 Nf6 2. c4 g6 3. Nc3 d5 4. cxd5 Nxd5 5. e4 Nxc3 6. bxc3 Bg7 7. Bc4 c5 8.
Ne2 O-O 9. O-O Nc6 10. Be3 Na5 11. Bd3 b6 12. Qd2 e5 13. d5 f5 14. Bg5 Qe8 15.
f3 c4 16. Bc2 f4 17. g4 h6 18. Bh4 g5 19. Bf2 h5 20. h3 Rf6 21. Kg2 Bd7 22. Rh1
Nb7 23. Rag1 Rc8 24. Kf1 Nc5 25. h4 hxg4 26. hxg5 Rg6 27. Rh5 gxf3 28. Nd4 exd4
29. Bxd4 Nxe4 30. Qh2 Bxd4 31. cxd4 Ng3+ 32. Rxg3 Qe2+ 33. Qxe2 fxe2+ 34. Kxe2
fxg3 0-1

[Event "20th Dubai Open 2018"]
[Site "Dubai UAE"]
[Date "2018.04.08"]
[Round "7.35"]
[White "Karthik, Venkataraman"]
[Black "Mohannad, Farhan"]
[Result "1-0"]
[WhiteTitle "FM"]
[BlackTitle "FM"]
[WhiteElo "2470"]
[BlackElo "2219"]
[WhiteFideId "25006479"]
[BlackFideId "8100918"]
[EventDate "2018.04.02"]

1. d4 e6 2. Bf4 Nf6 3. e3 b6 4. Nf3 Be7 5. Bd3 Bb7 6. Nbd2 c5 7. c3 d6 8. Qe2
O-O 9. h4 Nc6 10. Bg5 Re8 11. O-O-O cxd4 12. exd4 e5 13. d5 e4 14. Nxe4 Nxe4 15.
Bxe4 Ne5 16. Kb1 Nd7 17. Qc2 h6 18. Bc1 Nf6 19. Nd4 Nxe4 20. Qxe4 Bf6 21. Qf3
Bxd4 22. Rxd4 Qe7 23. Rhd1 Ba6 24. Be3 Bc8 25. g4 Qe5 26. Rf4 f6 27. Rg1 Ba6 28.
Rd4 g5 29. Rh1 Kg7 30. Qh3 Rh8 31. Bd2 Qe7 32. Re1 Qf7 33. Qg3 Rad8 34. f4 Rhe8
35. Rxe8 Rxe8 36. fxg5 Qg6+ 37. Kc1 fxg5 38. hxg5 hxg5 39. c4 Rh8 40. Bc3 Kg8
41. Qe1 Rh2 42. Re4 Kf8 43. Bd2 Bc8 44. Qf1+ Kg8 45. Qf3 Bd7 46. Re7 Ba4 47. b3
Be8 48. a4 a5 49. Re6 Qf7 50. Qxf7+ Bxf7 51. Rxd6 Kg7 52. Rxb6 Bg6 53. d6 1-0

[Event "20th Dubai Open 2018"]
[Site "Dubai UAE"]
[Date "2018.04.08"]
[Round "7.36"]
[White "Bhambure, Shantanu"]
[Black "Viani, Antonio Dcunha"]
[Result "0-1"]
[BlackTitle "IM"]
[WhiteElo "2155"]
[BlackElo "2435"]
[WhiteFideId "5025931"]
[BlackFideId "5027330"]
[EventDate "2018.04.02"]

1. d4 Nf6 2. Bg5 Ne4 3. Bf4 d5 4. e3 g6 5. Bd3 Bg7 6. c4 Nf6 7. Nc3 O-O 8. Nf3
c5 9. dxc5 dxc4 10. Bxc4 Qa5 11. Rc1 Qxc5 12. Bb3 Nc6 13. O-O Qa5 14. h3 Bf5 15.
Qe2 e5 16. Bg5 Ne4 17. Nxe4 Bxe4 18. Rfd1 h6 19. Bh4 g5 20. Bg3 Rad8 21. Qc4 Bg6
22. e4 Qb6 23. Qa4 Bh5 24. Bd5 Nd4 25. Nxd4 Bxd1 26. Qxd1 Qxd4 27. Qb3 Rd7 28.
Rd1 Qc5 29. Qf3 Qe7 30. Qg4 Rc7 31. h4 Qf6 32. Rd3 gxh4 33. Qxh4 Qxh4 34. Bxh4
b6 35. b3 b5 36. Rf3 b4 37. g4 Kh7 38. Bc4 Kg6 39. Rd3 Rfc8 40. Rd6+ Kh7 41. Bd5
Bf8 42. Rf6 Bc5 43. Bxf7 Be7 44. Be6 Bxf6 45. Bxf6 Re8 46. Bf5+ Kg8 47. f4 exf4
48. Kf2 Rc3 49. e5 Re3 50. Bd7 R8xe5 51. Bxe5 Rxe5 52. Kf3 Kg7 53. Kxf4 Re2 54.
g5 h5 55. Bb5 Rxa2 56. Be8 Ra3 0-1

[Event "20th Dubai Open 2018"]
[Site "Dubai UAE"]
[Date "2018.04.08"]
[Round "7.38"]
[White "Omar, Noaman"]
[Black "Ajay, Karthikeyan"]
[Result "1/2-1/2"]
[WhiteTitle "IM"]
[WhiteElo "2372"]
[BlackElo "2127"]
[WhiteFideId "9300244"]
[BlackFideId "35011685"]
[EventDate "2018.04.02"]

1. d4 Nf6 2. c4 g6 3. g3 Bg7 4. Bg2 O-O 5. Nc3 d6 6. Nf3 Nc6 7. O-O a6 8. e3 e5
9. b3 Re8 10. d5 Ne7 11. e4 Nd7 12. Be3 h6 13. Qd2 Kh7 14. Nh4 f5 15. exf5 Nxf5
16. Nxf5 gxf5 17. Rae1 Qf6 18. Qc2 Qg6 19. b4 Nf6 20. a4 h5 21. h4 Bh6 22. Bxh6
Kxh6 23. c5 Rg8 24. a5 f4 25. Qxg6+ Rxg6 26. Ne4 Bf5 27. cxd6 Bxe4 28. Bxe4 Nxe4
29. Rxe4 cxd6 30. Kh2 Rag8 31. gxf4 Rg4 32. Kh3 Rf8 33. Rb1 Rgxf4 34. Rxf4 Rxf4
35. b5 axb5 36. Rxb5 Rf7 37. Rb6 Rd7 38. Kg3 Kg6 39. f3 Kf5 40. Rb4 Rc7 41. Rb6
Rd7 1/2-1/2

[Event "20th Dubai Open 2018"]
[Site "Dubai UAE"]
[Date "2018.04.09"]
[Round "8.2"]
[White "Sethuraman, S.P."]
[Black "Zubov, Alexander"]
[Result "1-0"]
[WhiteTitle "GM"]
[BlackTitle "GM"]
[WhiteElo "2631"]
[BlackElo "2606"]
[WhiteFideId "5021596"]
[BlackFideId "14109409"]
[EventDate "2018.04.02"]

1. e4 e5 2. Nf3 Nf6 3. Nxe5 d6 4. Nf3 Nxe4 5. Nc3 Nxc3 6. dxc3 Be7 7. Be3 Nc6 8.
Bd3 Be6 9. Qe2 Qd7 10. O-O-O Bf5 11. Bb5 O-O 12. Ne5 Qe8 13. Nxc6 bxc6 14. Ba4
Bg5 15. Rhe1 Qe4 16. Qa6 Qxg2 17. Qxc6 Be4 18. Qxc7 Bxe3+ 19. Rxe3 Bf3 20. Rde1
Qxf2 21. b3 Rad8 22. Be8 Qh4 23. Kb2 Bd5 24. Qxa7 Be6 25. Bc6 Qxh2 26. Qd4 d5
27. a4 Bf5 28. R3e2 Qd6 29. Bb5 Be4 30. c4 Qc7 31. cxd5 Bxd5 32. Re7 Qc8 33. Qf4
Be6 34. Rc7 Qb8 35. Rh1 Rd4 36. Qh2 h6 37. Rg1 Bg4 38. Qe5 h5 39. Qc5 Rf4 40.
Bc4 Qd8 41. Bd3 Qf6+ 42. Ka3 g6 43. a5 Rf3 44. Rc6 Qf4 45. a6 Rxd3 46. cxd3 Qf3
47. Qc4 Qf5 48. Rc5 Qf2 49. Rc1 Ra8 50. Rc6 Be6 51. Qe4 Re8 52. Rc7 Qb6 53. Qa4
Ra8 54. a7 Qd6+ 55. Qb4 Qxd3 56. Qb6 h4 57. Rb7 Kh7 58. Qxe6 1-0

[Event "20th Dubai Open 2018"]
[Site "Dubai UAE"]
[Date "2018.04.09"]
[Round "8.3"]
[White "Adly, Ahmed"]
[Black "Can, Emre"]
[Result "1-0"]
[WhiteTitle "GM"]
[BlackTitle "GM"]
[WhiteElo "2626"]
[BlackElo "2590"]
[WhiteFideId "10601619"]
[BlackFideId "6302181"]
[EventDate "2018.04.02"]

1. d4 Nf6 2. Nf3 d5 3. g3 g6 4. Bg2 Bg7 5. c4 c6 6. O-O O-O 7. Nbd2 Bf5 8. b3 a5
9. Bb2 a4 10. Nh4 Be6 11. Qc2 a3 12. Bc3 c5 13. Rad1 cxd4 14. Bxd4 Nc6 15. Bxf6
Bxf6 16. cxd5 Bxd5 17. Ne4 Bxe4 18. Bxe4 Qb6 19. Bxc6 Rfc8 20. Ng2 Rxc6 21. Qe4
Qa6 22. Rd2 Rac8 23. Rfd1 Re6 24. Qf3 Qc6 25. Nf4 Re5 26. Rd8+ Kg7 27. Qxc6 Rxc6
28. Ra8 Re4 29. e3 Bb2 30. h4 h5 31. Kg2 Re5 32. Rdd8 Rb5 33. Rg8+ Kh7 34. Nh3
f6 35. Nf4 f5 36. Rge8 Bf6 37. Rxa3 Rc2 38. Raa8 Re5 39. Kf3 Rec5 40. Rf8 Kg7
41. Ne6+ 1-0

[Event "20th Dubai Open 2018"]
[Site "Dubai UAE"]
[Date "2018.04.09"]
[Round "8.5"]
[White "Kryvoruchko, Yuriy"]
[Black "Tabatabaei, M.amin"]
[Result "1-0"]
[WhiteTitle "GM"]
[BlackTitle "IM"]
[WhiteElo "2703"]
[BlackElo "2605"]
[WhiteFideId "14109182"]
[BlackFideId "12521213"]
[EventDate "2018.04.02"]

1. e4 c5 2. Nf3 e6 3. Nc3 Nc6 4. Bb5 Qc7 5. Bxc6 Qxc6 6. d4 cxd4 7. Nxd4 Qc7 8.
Ndb5 Qb8 9. Be3 a6 10. Bb6 axb5 11. Nxb5 Bb4+ 12. c3 Ba5 13. Bxa5 Rxa5 14. Qd6
Qxd6 15. Nxd6+ Kf8 16. Nxc8 Nf6 17. O-O-O g5 18. a3 Rc5 19. Nd6 b6 20. f3 Ke7
21. Rd3 h5 22. Rhd1 h4 23. b4 Rc6 24. Kb2 Nh5 25. Kb3 h3 26. g3 Nxg3 27. b5 1-0

[Event "20th Dubai Open 2018"]
[Site "Dubai UAE"]
[Date "2018.04.09"]
[Round "8.6"]
[White "Amin, Bassem"]
[Black "Narayanan, S.L."]
[Result "1/2-1/2"]
[WhiteTitle "GM"]
[BlackTitle "GM"]
[WhiteElo "2700"]
[BlackElo "2568"]
[WhiteFideId "10601457"]
[BlackFideId "5058422"]
[EventDate "2018.04.02"]

1. Nf3 d5 2. g3 g6 3. Bg2 Bg7 4. O-O e5 5. c4 dxc4 6. Na3 Nc6 7. Nxc4 e4 8. Ne1
Be6 9. Ne3 f5 10. d3 Nf6 11. Bd2 O-O 12. Bc3 Nd4 13. N3c2 c5 14. dxe4 Nxe4 15.
Nxd4 Nxc3 16. Nxe6 Nxd1 17. Nxd8 Raxd8 18. Nd3 Nxb2 19. Nxc5 Rd2 20. Bxb7 Rxe2
21. Bd5+ Kh8 22. Ne6 Rc8 23. Rac1 Rec2 24. Rxc2 Rxc2 25. Bb3 Rc8 26. Re1 Bf6 27.
h4 Nd3 28. Rd1 Nc1 29. Rd7 Nxb3 30. axb3 Re8 31. Nf4 1/2-1/2